000 01154nam a2200301 4500
001 0000018300
003 CO-CtgCURN
005 20250331185222.0
007 ta
008 160627s2000 000 0 eng d
020 _a8471013126
040 _aCO-CtgCURN
_bspa
_ccoctgcurn
082 0 _a617.3
_bM27o
100 1 _aMCRae Frcs, Ronald.
245 1 0 _aOrtopedia y fracturas :
_bexploracion y tratamiento /
_cRonald MCRae Frcs.
260 _aMadrid :
_bMarban,
_c2000.
300 _a526 p.
336 _2rdacontent
337 _2rdamedia
_asin mediacion
_bn
338 _2rdacarrier
_avolumen
_bnc
500 _aIncluye indice.
505 8 _aNervios segmentarios y perifericos.--Columna cervical.--Hombro.--Codo.--Muñeca.--Cadera.--Fracturas terminología basica.--El servicio de traumatología.--Fracturas de la tibia.--Femur y region de la rodilla.-- Lesiones en la region del tobillo
650 1 4 _aFracturas del craneo
_vInvestigaciones.
908 _a160627
942 _cBK
_h617.3
_iM27o
_2ddc
999 _c23161
_d23161